书目信息 |
| 题名: |
监理工程师法律基础知识
|
|
| 作者: | 张晓牧 , 苏振民 编著 | |
| 分册: | ||
| 出版信息: | 北京 中国建筑工业出版社 2006.10 |
|
| 页数: | 375页 | |
| 开本: | 26cm | |
| 丛书名: | 监理工程师继续教育丛书 | |
| 单 册: | ||
| 中图分类: | D922.297 | |
| 科图分类: | ||
| 主题词: | 建筑工程--jian zhu gong cheng--监督管理--法规--中国 | |
| 电子资源: | ||
| ISBN: | 7-112-08521-7 | |
| 000 | 00999nam 2200253 450 | |
| 001 | 012007531812 | |
| 005 | 20191029110549.05 | |
| 010 | @a7-112-08521-7@dCNY40.00 | |
| 100 | @a20070209d2006 km y0chiy0120 ea | |
| 101 | 0 | @achi |
| 102 | @aCN@b110000 | |
| 105 | @ay z 000yy | |
| 200 | 1 | @a监理工程师法律基础知识@Ajian li gong cheng shi fa lu ji chu zhi shi@f张晓牧, 苏振民编著@Fzhang xiao mu,su zhen min bian zhu |
| 210 | @a北京@c中国建筑工业出版社@d2006.10 | |
| 215 | @a375页@d26cm | |
| 225 | 2 | @a监理工程师继续教育丛书@Ajian li gong cheng shi ji xu jiao yu cong shu |
| 330 | @a本书分为三大部分,共十三章,内容主要包括:合同法律制度、担保法律制度、仲裁和诉讼、城市规划法律制度、建筑法律制度、招投标法律制度等。 | |
| 410 | 0 | @12001 @a监理工程师继续教育丛书 |
| 606 | 0 | @a建筑工程@Ajian zhu gong cheng@x监督管理@x法规@y中国 |
| 690 | @aD922.297@v4 | |
| 701 | 0 | @a张晓牧@Azhang xiao mu@4编著 |
| 701 | 0 | @a苏振民@Asu zhen min@4编著 |
| 801 | 0 | @aCN@c20070517 |
| 905 | @a10447@dD922.297@eZ214 | |
| 监理工程师法律基础知识/张晓牧, 苏振民编著.-北京:中国建筑工业出版社,2006.10 |
| 375页;26cm.-(监理工程师继续教育丛书) |
| ISBN 7-112-08521-7:CNY40.00 |
| 本书分为三大部分,共十三章,内容主要包括:合同法律制度、担保法律制度、仲裁和诉讼、城市规划法律制度、建筑法律制度、招投标法律制度等。 |
| ● |
| 相关链接 |
|
|
|
正题名:监理工程师法律基础知识
索取号:D922.297/Z214
 
预约/预借
| 序号 | 登录号 | 条形码 | 馆藏地/架位号 | 状态 | 备注 |
| 1 | 1455310 | 214553106 | 社科库509/509社科库 88排7列3层/ [索取号:D922.297/Z214] | 在馆 | |
| 2 | 1455311 | 214553115 | 社科库509/509社科库 88排7列3层/ [索取号:D922.297/Z214] | 在馆 | |
| 3 | 1455312 | 214553124 | 社科库509/509社科库 88排7列3层/ [索取号:D922.297/Z214] | 在馆 | |
| 4 | 1455313 | 214553133 | 社科库509/509社科库 88排7列3层/ [索取号:D922.297/Z214] | 在馆 | |
| 5 | 1455314 | 214553142 | 社科库509/509社科库 88排7列3层/ [索取号:D922.297/Z214] | 在馆 | |
| 6 | 1455315 | 214553151 | 社科库509/509社科库 88排7列3层/ [索取号:D922.297/Z214] | 在馆 | |
| 7 | 236416 | 202364164 | 社科库509/509社科库 88排7列3层/ [索取号:D922.297/Z214] | 在馆 | |
| 8 | 236417 | 202364173 | 社科库509/509社科库 88排7列3层/ [索取号:D922.297/Z214] | 在馆 | |
| 9 | 236418 | 202364182 | 社科库509/509社科库 88排7列3层/ [索取号:D922.297/Z214] | 在馆 |